ბათუმის შოთა რუსთაველის სახელმწიფო უნივერსიტეტის ბიბლიოთეკა

ომის გზებზე (ბიბ.ჩანაწერი № 42530)

000 -LEADER
fixed length control field 00767nam a2200229Ia 4500
001 - CONTROL NUMBER
control field 9227
003 - CONTROL NUMBER IDENTIFIER
control field GE_BSU
008 - FIXED-LENGTH DATA ELEMENTS--GENERAL INFORMATION
fixed length control field 181216s||||||||xx |||||||||||||| ||und||
040 ## - CATALOGING SOURCE
Transcribing agency GE_BSU
080 ## - UNIVERSAL DECIMAL CLASSIFICATION NUMBER
Universal Decimal Classification number 821.353.1-4
100 ## - MAIN ENTRY--PERSONAL NAME
Personal name ლომიძე,გიორგი
245 ## - TITLE STATEMENT
Title ომის გზებზე
245 ## - TITLE STATEMENT
Remainder of title სამხედრო ნარკვევების კრებული
245 ## - TITLE STATEMENT
Statement of responsibility, etc. რედ:გ.ჯიბლაძე
260 ## - PUBLICATION, DISTRIBUTION, ETC.
Place of publication, distribution, etc. თბილისი.
260 ## - PUBLICATION, DISTRIBUTION, ETC.
Name of publisher, distributor, etc. გამ-ბა,კომუნისტი
260 ## - PUBLICATION, DISTRIBUTION, ETC.
Date of publication, distribution, etc. 1946
300 ## - PHYSICAL DESCRIPTION
Extent 126გვ;23სმ.
653 ## - INDEX TERM--UNCONTROLLED
Uncontrolled term ომის გზებზე
653 ## - INDEX TERM--UNCONTROLLED
Uncontrolled term სამხედრო ნარკვევების კრებული
942 ## - ADDED ENTRY ELEMENTS (KOHA)
Koha item type წიგნი
ეგზემპლარები
Withdrawn status Lost status Damaged status Not for loan Date acquired Barcode Date last seen Price effective from Koha item type
        2018-12-17 31946 2018-12-17 2018-12-17 წიგნი
        2018-12-17 31947 2018-12-17 2018-12-17 წიგნი
        2018-12-17 31948 2018-12-17 2018-12-17 წიგნი